| 000 | 00776nam a2200253 a 4500 | ||
|---|---|---|---|
| 001 | 000014484 | ||
| 005 | 20200929163846.0 | ||
| 008 | 100111s1999 sp a 000 p spa d | ||
| 020 | _a8437612721 | ||
| 040 |
_aDO-SdBNP _bspa _cBNPHU |
||
| 082 |
_a861.6 _bF954m, 1999 |
||
| 100 | 1 |
_aFuertes, Gloria, _d1917-1998 _915498 |
|
| 245 | 1 | 0 |
_aMujer de verso en pecho / _cGloria Fuertes ; prólogo de Francisco Nieva. |
| 250 | _a4a ed. | ||
| 260 |
_aMadrid : _bCátedra, _c1999. |
||
| 300 |
_a187, [4] p. : _bil. ; _c18 cm. |
||
| 490 | 1 |
_aLetras hispánicas _v388 |
|
| 650 | 4 |
_aPoesía española _9631 |
|
| 650 | 4 |
_aLiteratura española _ySIGLO XX _93326 |
|
| 700 | 1 |
_aNieva, Francisco, _epról. _932711 |
|
| 830 | 0 |
_aLetras hispánicas _v388 _94208 |
|
| 910 | _aWM | ||
| 049 | _aBNGR | ||
| 999 |
_c14073 _d14073 |
||